| 000 -LEADER |
| fixed length control field |
00507cam a22001457a 4500 |
| 008 - FIXED-LENGTH DATA ELEMENTS--GENERAL INFORMATION |
| fixed length control field |
180718b1967 xxu||||| |||| 00| 0 eng d |
| 082 ## - DEWEY DECIMAL CLASSIFICATION NUMBER |
| Classification number |
I5135x54 AR/MP/I |
| 100 ## - MAIN ENTRY--PERSONAL NAME |
| Personal name |
India. Machinery for Planning |
| 245 ## - TITLE STATEMENT |
| Title |
Interim report on Machinery for Planning |
| Statement of responsibility, etc. |
by Administrative Reforms Commission |
| 260 ## - PUBLICATION, DISTRIBUTION, ETC. |
| Place of publication, distribution, etc. |
Delhi |
| Name of publisher, distributor, etc. |
The Manager of Publications |
| Date of publication, distribution, etc. |
1967 |
| 300 ## - PHYSICAL DESCRIPTION |
| Extent |
33+p. |
| 500 ## - GENERAL NOTE |
| General note |
Chairman: K. Hanumanthaiya |
| 700 ## - ADDED ENTRY--PERSONAL NAME |
| Personal name |
India. Administrative Reforms Commission |
| 700 ## - ADDED ENTRY--PERSONAL NAME |
| Personal name |
Hanumanthaiya, K. (Chairman) |